LEADER 00912nam a2200253 i 4500 001 000000065446 003 CaOOAMICUS 005 20070823000000.0 008 070823s1993 it u000 u ita u 013 $a36618 020 $a88-459-0971-9 040 $aSeMil$bita 100 1 $aKundera, Milan,$d<1929- >.$0(OLS)http://semarc/name/31459 245 12$aL'immortalitą /$cMilan Kundera. 260 $aMilano :$bAdelphi,$c1993. 300 $a366 p. ;$c20 cm. 490 0 $aGli Adelphi ;$v47 830 4$aGli Adelphi ;$v47.$0(OLS)http://semarc/title/7075 850 $aSeMil 852 $aSeMil$W1$xVenegono$y1$m1O I 162$j31599$B31599$CSeMilBibl$Z2$F31602 $81 961 $aOmaggio: Ghiringhelli prof. Livio 996 $6020$a88-459-0971-9$9(OLS)http://semarc/number/42789 996 $6245$aL'immortalitą$9(OLS)http://semarc/title/103851 996 $6260$aMilano :$bAdelphi$9(OLS)http://semarc/publisher/30018 LEADER 01339nam a2200301 i 4500 001 000000210345 003 CaOOAMICUS 005 20120123000000.0 008 120123s2008 it u000 u ita u 013 $a189158 020 $a978-88-16-30456-7 040 $aSeMil$bita 100 1 $aBiffi, Inos,$c.$0(OLS)http://semarc/name/282 245 10$aBernardo e Tommaso :$b«Duplice vertice sublime di unica fiamma» /$cInos Biffi. 260 $aMilano :$bJaca Book,$c2008. 300 $a86 p. ;$c23 cm. 490 0 $aGią e non ancora [Jaca Book] ;$v456 490 0 $aOpuscoli ;$v12 600 04$aBernardo : di Chiaravalle .$0(OLS)http://semarc/subject/739 600 04$aTommaso : d'Aquino .$0(OLS)http://semarc/subject/115 830 0$aGią e non ancora ;$v456.$0(OLS)http://semarc/title/5902 830 0$aOpuscoli / Inos Biffi ;$v12.$0(OLS)http://semarc/title/423676 850 $aSeMil 852 $aSeMil$W1$xVenegono$y1$m2LA W 42$j270546$B160792$CSeMilBibl$Z2$F171815 $81 961 $aOmaggio: Biffi mons. Inos 996 $6020$a978-88-16-30456-7$9(OLS)http://semarc/number/205280 996 $6245$aBernardo e Tommaso :$b«Duplice vertice sublime di unica fiamma»$9(OLS)http://semarc/title/304067 996 $6260$aMilano :$bJaca Book$9(OLS)http://semarc/publisher/29781